| Tag |
First Indicator |
Second Indicator |
Subfields |
| LEADER |
00000cam a22000004a 4500 |
| 001 |
in00001718708 |
| 005 |
20151024191535.0 |
| 008 |
020423s2002 mdu b 001 0deng |
| 010 |
|
|
|a 2002069690
|
| 020 |
|
|
|a 0742523683 (alk. paper)
|
| 020 |
|
|
|a 0742523691 (pbk. : alk. paper)
|
| 035 |
|
|
|a (OCoLC)ocm49681460
|
| 040 |
|
|
|a DLC
|c DLC
|d UtOrBLW
|
| 042 |
|
|
|a pcc
|
| 043 |
|
|
|a n-us---
|
| 049 |
|
|
|a TXAM
|
| 050 |
0 |
0 |
|a LC212.42
|b .P65 2002
|
| 082 |
0 |
0 |
|a 378.1/2/087
|2 21
|
| 245 |
0 |
4 |
|a The politics of survival in academia :
|b narratives of inequity, resilience, and success /
|c edited by Lila Jacobs, José Cintrón, and Cecil E. Canton.
|
| 264 |
|
1 |
|a Lanham, Md. :
|b Rowman & Littlefield Publishers,
|c [2002]
|
| 264 |
|
4 |
|c ©2002
|
| 300 |
|
|
|a xxiii, 171 pages ;
|c 23 cm.
|
| 336 |
|
|
|a text
|b txt
|2 rdacontent
|
| 337 |
|
|
|a unmediated
|b n
|2 rdamedia
|
| 338 |
|
|
|a volume
|b nc
|2 rdacarrier
|
| 490 |
1 |
|
|a Immigration and the transnational experience
|
| 504 |
|
|
|a Includes bibliographical references (pages 155-162) and index.
|
| 650 |
|
0 |
|a Minority college teachers
|z United States
|v Case studies.
|
| 650 |
|
0 |
|a Discrimination in higher education
|z United States
|v Case studies.
|
| 650 |
|
0 |
|a Minorities
|x Education (Higher)
|z United States
|v Case studies.
|
| 700 |
1 |
|
|a Jacobs, Lila.
|
| 700 |
1 |
|
|a Cintrón, José,
|d 1953-
|
| 700 |
1 |
|
|a Canton, Cecil E.,
|d 1946-
|
| 830 |
|
0 |
|a Immigration and the transnational experience.
|
| 945 |
|
|
|i PromptCat
|
| 948 |
|
|
|a cataloged
|b h
|c 2003/1/13
|d c
|e dmitchel
|f 3:16:32 pm
|
| 994 |
|
|
|a 92
|b TXA
|
| 999 |
|
|
|a MARS
|
| 999 |
f |
f |
|s bfa47ff2-d180-3584-bdc6-fba6d60b09a8
|i 687dbd3b-c8a7-3804-82e0-3964aa255746
|t 0
|
| 952 |
f |
f |
|p normal
|a Texas A&M University
|b College Station
|c Sterling C. Evans Library
|d Evans: Library Stacks
|t 0
|e LC212.42 .P65 2002
|h Library of Congress classification
|i unmediated -- volume
|m A14829738994
|
| 998 |
f |
f |
|a LC212.42 .P65 2002
|t 0
|l Evans: Library Stacks
|